000 00563pam a2200217 i 4500
001 864840
005 20180222043727.0
008 790816s1980 nyu b 001 0 eng
010 _a 79020385
020 _a0393013073
040 _aDLC
_cDLC
_dDLC
041 _aeng
080 _a335.4 HEI
082 0 0 _a335.4 HEI
100 1 _a24
101 _aFIL
245 1 0 _aMarxism, for and against /
_cRobert L. Heilbroner.
504 _aIncludes bibliographical references and index.
906 _a7
_bcbc
_corignew
_d1
_eocip
_f19
_gy-gencatlg
942 _2ddc
_cBK
999 _c43152
_d43152